Mestečko Pavlovce nad Uhom v stredoveku

Bibliographic Details
Main Author: Mišíková, Alena, 1973- (Author)
Format: Article
Language:Slovak
PhysicalDescription:Obr.
ISBN:978-80-555-0888-7
Subjects:

MARC

LEADER 00000nab a2200000 a 4500
001 vtls010596346
003 SK-MaSNL
005 20260429170400.0
008 140514c2013 xo r 000 00slo
015 |a SNBRA2014/05SVKPO 
038 |a SVKPO 
040 |a SVKPOCL  |b slo  |c SVKPOCL  |e AACR2 
041 0 |a slo  |b eng 
044 |a xo  |c SK 
080 |a 94"04/14"  |2 2001 
080 |a 93/94-027.541(437.6)  |2 2001 
080 |a 94(437.6)  |2 2001 
080 |a 908(437.6)  |2 2001 
100 1 |a Mišíková, Alena,  |d 1973-  |4 aut  |9 217674 
245 1 0 |a Mestečko Pavlovce nad Uhom v stredoveku  |c Alena Mišíková 
300 |a Obr. 
504 |a Bibliogr. odkazy 
546 |a Res. angl. 
650 0 7 |a stredovek  |2 svkpocl  |9 4259 
650 0 7 |a regionálne dejiny  |2 svkpocl  |9 63645 
651 7 |a Pavlovce nad Uhom (Slovensko)  |2 svkpocl  |9 30468 
773 0 |t Príspevky k starším dejinám slovenských miest a mestečiek / Miloslava Bodnárová (ed.) /d Prešov : Filozofická fakulta Prešovskej univerzity, 2013  |g S. 219-228  |z 978-80-555-0888-7 
852 |a SVKPO  |b KIS3GCP 
958 |a SK 
958 |a NB 
999 |c 3230013  |d 3231943